Estimating treatment effects of a training programme in Slovakia using propensity score matching

Hodnotenie individuálnych šancí uplatniť sa po 15 mesačnom tréningovom programe pre trh práce. Negatívne efekty tréningu v medziregionálnom porovnaní spôsobené nedostatočnými kritériami pre implementáciu.

Salvato in:
Dettagli Bibliografici
Autore principale: Štefánik, Miroslav
Natura: Capitolo di libro
Lingua:inglese
Soggetti:
Tags: Aggiungi Tag
Nessun Tag, puoi essere il primo ad aggiungerne!!

MARC

LEADER 00000naa a2200000 4500
001 0190980
005 20240417075047.4
041 0 |a eng 
044 |a SK 
245 1 0 |a Estimating treatment effects of a training programme in Slovakia using propensity score matching  |c Miroslav Štefánik 
520 |a Hodnotenie individuálnych šancí uplatniť sa po 15 mesačnom tréningovom programe pre trh práce. Negatívne efekty tréningu v medziregionálnom porovnaní spôsobené nedostatočnými kritériami pre implementáciu. 
610 2 0 |a trh práce 
610 2 0 |a nezamestnanosť 
610 2 0 |a Slovensko 
610 2 0 |a programy sociálne 
100 1 |a Štefánik, Miroslav